00380nam a2200133Ia 450000500170000000800410001702000150005808200130007310000140008624500380010026000510013830000140018950000430020320250702021544.0240331s9999 xx 000 0 und d a9555840954 bABEa398 aAbepala,R 0aSri Lankawe natya ha ranga kalawa aKotittawabSara Printing and Publicationc1994 a127 p ., aDrama and performing arts in Sri Lanka